Применение методов многомерного анализа в обработке медицинских данных; Информационные технологии в науке, управлении, социальной сфере и медицине
| Parent link: | Информационные технологии в науке, управлении, социальной сфере и медицине.— 2015.— [С. 855-856] |
|---|---|
| Autor principal: | |
| Autor Corporativo: | |
| Outros Autores: | |
| Resumo: | Заглавие с титульного экрана Medical data frequently represent multidimensional datasets as investigated factors and clinical and laboratory parameters coverage is huge. This research area is very important in terms of practical applications. We were given monthly lipid metabolism and hormonal status data of children (including children suffering from obesity) of Siberian region during a year. In this article some research results appear. |
| Idioma: | russo |
| Publicado em: |
2015
|
| coleção: | Математические методы и информационные технологии в психологии и медицине |
| Assuntos: | |
| Acesso em linha: | http://earchive.tpu.ru/handle/11683/17290 http://www.lib.tpu.ru/fulltext/c/2015/C24/376.pdf |
| Formato: | Recurso Eletrônico Capítulo de Livro |
| KOHA link: | https://koha.lib.tpu.ru/cgi-bin/koha/opac-detail.pl?biblionumber=614093 |
MARC
| LEADER | 00000naa2a2200000 4500 | ||
|---|---|---|---|
| 001 | 614093 | ||
| 005 | 20231101132806.0 | ||
| 035 | |a (RuTPU)RU\TPU\conf\12257 | ||
| 035 | |a RU\TPU\conf\12256 | ||
| 090 | |a 614093 | ||
| 100 | |a 20150908d2015 k y0rusy50 ca | ||
| 101 | 0 | |a rus |d eng | |
| 102 | |a RU | ||
| 105 | |a y z 101zy | ||
| 135 | |a drcn ---uucaa | ||
| 181 | 0 | |a i | |
| 182 | 0 | |a b | |
| 200 | 1 | |a Применение методов многомерного анализа в обработке медицинских данных |f Т. А. Былина |g науч. рук. О. В. Марухина | |
| 203 | |a Текст |c электронный | ||
| 225 | 1 | |a Математические методы и информационные технологии в психологии и медицине | |
| 230 | |a 1 компьютерный файл (pdf; 596 Кb) | ||
| 300 | |a Заглавие с титульного экрана | ||
| 320 | |a [Библиогр.: с. 856 (2 назв.)] | ||
| 330 | |a Medical data frequently represent multidimensional datasets as investigated factors and clinical and laboratory parameters coverage is huge. This research area is very important in terms of practical applications. We were given monthly lipid metabolism and hormonal status data of children (including children suffering from obesity) of Siberian region during a year. In this article some research results appear. | ||
| 337 | |a Adobe Reader | ||
| 463 | 0 | |0 (RuTPU)RU\TPU\conf\11725 |t Информационные технологии в науке, управлении, социальной сфере и медицине |o сборник научных трудов II Международной конференции, 19-22 мая 2015 г., Томск |f Национальный исследовательский Томский политехнический университет (ТПУ) ; ред. кол. О. Г. Берестнева [и др.] |v [С. 855-856] |d 2015 | |
| 610 | 1 | |a труды учёных ТПУ | |
| 610 | 1 | |a электронный ресурс | |
| 610 | 1 | |a медицинские данные | |
| 610 | 1 | |a многомерный анализ | |
| 610 | 1 | |a ожирение | |
| 610 | 1 | |a дети | |
| 610 | 1 | |a статистическая информация | |
| 700 | 1 | |a Былина |b Т. А. | |
| 702 | 1 | |a Марухина |b О. В. |c специалист в области оценки качества образования |c доцент Томского политехнического университета, кандидат технических наук |f 1974- |g Ольга Владимировна |2 stltpush |4 727 | |
| 712 | 0 | 2 | |a Национальный исследовательский Томский политехнический университет (ТПУ) |b Институт кибернетики (ИК) |b Кафедра оптимизации систем управления (ОСУ) |h 127 |2 stltpush |3 (RuTPU)RU\TPU\col\18702 |
| 801 | 2 | |a RU |b 63413507 |c 20210129 |g RCR | |
| 856 | 4 | |u http://earchive.tpu.ru/handle/11683/17290 | |
| 856 | 4 | |u http://www.lib.tpu.ru/fulltext/c/2015/C24/376.pdf | |
| 942 | |c BK | ||